| 000 | 00799nam a2200205 i 4500 | ||
|---|---|---|---|
| 001 | 120260 | ||
| 003 | ES-MaACL | ||
| 005 | 20250809014916.0 | ||
| 007 | t| | ||
| 008 | 070214s1932 be r ||||1| fre d | ||
| 100 | 1 |
_aPirenne, Jacques. _992344 |
|
| 245 | 1 | 0 |
_aHistoire des institutions et du droit privé de l'Ancienne Egypte / _cpar Jacques Pirenne. |
| 260 |
_aBruxelles : _bFondation Egyptologique Reine Elisabeth, _c1932. |
||
| 300 |
_a4 v. ; _c24 cm. |
||
| 505 | 8 |
_aContiene: I ; _tDes origenes á la fin de la IVe. Dynastie - II ; _tLa Ve Dynastie (2750-2625) - III ; _tLa VIe. Dynastie et le Démembrement de l'Empire |
|
| 650 | 7 |
_aDerecho egipcio _2embne _9165010 |
|
| 710 | 2 |
_aFondation Egyptologique Reine Elisabeth. _94138 |
|
| 852 |
_aES-MaACL _jA-4147-50 |
||
| 999 |
_c120260 _d120260 |
||